000 00571nam a2200217Ia 4500
005 20250508165020.0
008 008 250505s9999 xx 000 0 eng d
020 _a0-415-04408-1
037 _aTextual
040 _aFEDL
_beng
_cFEDL
041 _aeng
_2eng
084 _a155.407 2, SLE
_qFEDL
100 _aSlee Phillip T
_9779708
245 0 _aChild observation skills
260 _aLondon, UK
_bCroom Helm
_c1987
300 _a165p.
365 _aGBP
_b30
546 _aMACESE
942 _cTEXL
_h155.407 2, SLE
999 _c1392666
_d1392666